| 000 | 03204cas a2200685 a 4500 | ||
|---|---|---|---|
| 999 |
_c3790 _d3790 |
||
| 001 | 11285208 | ||
| 003 | Nust | ||
| 005 | 20170105101225.0 | ||
| 008 | 750901c19uu9999iluar s 0 a0eng c | ||
| 010 | _a 84643204 | ||
| 016 | 7 |
_a009827844 _2Uk |
|
| 022 | 0 |
_a0747-9107 _l0747-9107 _21 |
|
| 035 | _a(OCoLC)ocm01587875 | ||
| 040 |
_aMUL _beng _cMUL _dCOO _dYUS _dDLC _dOCL _dDLC _dNSD _dOCL _dDLC _dNST _dNYG _dNST _dDLC _dIUL _dOCL _dIUL _dWAU _dMYG _dDLC _dGUA _dDLC _dHNK _dUWC _dHNK _dNLGGC _dDLC _dLVB _dCO3 _dOCLCQ _dUKMGB _dTULIB _dOCLCQ _dOCLCF _dYDXCP _dMNE _dC7M _dEVI _dINU |
||
| 042 |
_apcc _ansdp |
||
| 043 | _an-us--- | ||
| 050 | 0 | 0 |
_aHF5681.R25 _bA45 |
| 082 | 0 | 4 |
_a338.7/4/0973 _222 |
| 210 | 0 | _aAlm. bus. ind. financ. ratios | |
| 222 | 0 | _aAlmanac of business and industrial financial ratios | |
| 245 | 0 | 0 |
_aAlmanac of business and industrial financial ratios / _cby Leo Troy. |
| 246 | 3 | 0 | _aBusiness and industrial financial ratios |
| 260 |
_aEnglewood Cliffs, N.J. : _bPrentice-Hall _c2000 |
||
| 300 |
_a740p _c30 cm. |
||
| 310 | _aAnnual | ||
| 500 | _aPublished: New York : Aspen, 2003-2004; Chicago : CCH Incorporated, 2005- | ||
| 500 | _aAccompanied by CD-ROM, <2006-> | ||
| 515 | _aIssues for 1994-1995 also called: 25th anniversary ed.-26th anniversary ed. | ||
| 515 | _aIssues for 1996- also called: 27th annual ed.- | ||
| 520 | _aProvides financial ratios for companies in various asset ranges by SIC code. Data reported are based on aggregate numbers from IRS records. | ||
| 525 | _aHas also supplement: Special report. | ||
| 530 | _aAlso issued on CD-ROM, 1997- | ||
| 588 | _aDescription based on: 1971. | ||
| 588 | _aLatest issue consulted: 2006 ed. | ||
| 590 | _aSERBIB/SERLOC merged record | ||
| 650 | 0 |
_aRatio analysis _vPeriodicals. |
|
| 650 | 0 |
_aCorporations _zUnited States _xFinance _vStatistics _vPeriodicals. |
|
| 650 | 0 |
_aIndustrial statistics _zUnited States _vPeriodicals. |
|
| 650 | 4 | _aRatio analysis. | |
| 650 | 4 |
_aIndustries _zUnited States. |
|
| 650 | 6 |
_aRatios (Analyse financière) _vPériodiques. |
|
| 650 | 6 |
_aSociétés _zÉtats-Unis _xFinances _vPériodiques. |
|
| 650 | 1 | 7 |
_aFinanciële analyse. _2gtt |
| 650 | 1 | 7 |
_aBalansanalyse. _2gtt |
| 650 | 7 |
_aCorporations _xFinance. _2fast _0(OCoLC)fst00879841 |
|
| 650 | 7 |
_aIndustrial statistics. _2fast _0(OCoLC)fst00971751 |
|
| 650 | 7 |
_aRatio analysis. _2fast _0(OCoLC)fst01090250 |
|
| 651 | 7 |
_aUnited States. _2fast _0(OCoLC)fst01204155 |
|
| 655 | 7 |
_aPeriodicals. _2fast _0(OCoLC)fst01411641 |
|
| 655 | 7 |
_aStatistics. _2fast _0(OCoLC)fst01423727 |
|
| 700 | 1 | _aTroy, Leo. | |
| 776 | 1 |
_tAlmanac of business and industrial financial ratios (CD-ROM) _w(DLC)sn 97038112 _w(OCoLC)36646455 |
|
| 906 |
_a7 _bcbc _cserials _d3 _encip _f19 _gn-oclcserc |
||
| 942 |
_2ddc _cBK |
||